1893 1896 1231 1843 1779 1916 1664 1756 1019 1881 1162 1361 1487 1561 1615 1897 1590 1715 1117 1102 1377 1799 1996 1917 1646 1027 1503 1145 1760 1967 1637 1883 1655 1049 1154 1669 1169 1573 1022 1180 1288 1477 1596 1782 1328 1730 1610 1191 1210 1037 1392 1897 1174 1727 1960 1866 1115 1038 1964 1066 1568 1256 1410 1443 1689 1986 1187 1643 1352 1559 1277 1559 1767 1104 1418 1022 1968 1163 1727 1999 1087 1496 1867 1637 1508 1531 1621 1177 1688 1118 1453 1091 1420 1799 1861 1562 1781 1222 1197 BCNSPRNW ULIB Ver.6.0+V

เปลี่ยนเป็นภาษาไทย

Change to English
 แสดงรายละเอียดบรรณานุกรม
  กลับหน้าหลัก

Brief Record : Get Marc (ISO 2709) : E-mail record : QR code < ปิดหน้าต่าง
LEADER : 00000nam 2200000uu 4500
001    13399121715
003     ULIB
008    121130s2550||||th 000 0 tha d
020    ^a9789749659588
060 04 ^aWD210^bท344ผ
100 0  ^aทัทยา อนุสสร
245 10 ^aผอมได้...เพราะกินดี/^cทัทยา อนุสสร
250    ^aพิมพ์ครั้งที่ 1
260    ^aกรุงเทพฯ :^bเวลาดี,^c2550
300    ^a112 หน้า :^bภาพประกอบ
650  7 ^aการลดความอ้วน
945    ^p155^l0^i14502
995    ^aทศพร
999 ^a ใช้งานได้ทุกระบบ
รายการนี้ยังไม่มีแท็ก
คุณยังไม่ได้ล็อกอิน คุณสามารถมีกิจกรรมร่วมกับเว็บไซต์ได้ แต่ต้องล็อกอินก่อน ::
  ล็อกอิน

รายการสื่อสารสนเทศ

ลำดับที่ ประเภท เลขเรียก/บาร์โค้ด สถานที่ สถานะ
- ไม่พบข้อมูล -

รายการใกล้เคียง
    ผู้แต่ง [ทัทยา อนุสสร]

    หัวเรื่อง [การลดความอ้วน]

BibComment


ยังไม่เคยถูกคอมเมนท์

คอมเมนท์ทรัพยากรรายการนี้
  คอมเมนท์: ผอมได้เพราะกินดี..


 Copyright 2026. Bcnsprnw @Library